000 01067nam a22002657a 4500
005 20170124102932.0
010 _a727767
020 _c90.00
035 _a727767
037 _bCen Lib/Ret
040 _aDPL
_bHN
082 _a821.08
_bटंडन
100 _aटंडन , पूरन चन्द
_945257
245 _aआंसू और उसकी परख /
_c पूरन चन्द टंडन
246 _aaansu or uski parakh
_bby Puran chnd tandan
260 _aगाज़ियाबाद
_bके.एल.पचौरी प्रकाशन
_c1994
270 _a8/डी,ब्लाक एक्सटेंशन लोनी
_bगाज़ियाबाद
300 _a136पृष्ठ.
_c21सेमी (सजिल्द )
650 _aहिंदी साहित्य
_945258
650 _aछायावादी काव्य
_91291
650 _aHindi literature
_945259
650 _aChhayawadi Poetry
_945260
700 _97856
942 _2ddc
_cHN
_h821.08
_mटंडन
999 _c111963
_d111963